[Event "Bundesliga 2324"]
[Site "Germany"]
[Date "2024.02.24"]
[Round "10.4"]
[White "Nakamura, Hikaru"]
[Black "Anand, Viswanathan"]
[Result "1/2-1/2"]
[WhiteElo "2780"]
[BlackElo "2754"]
[PlyCount "109"]
[EventDate "2023.10.21"]
[EventType "team-tourn"]
[EventRounds "15"]
[EventCountry "GER"]
[SourceTitle "CB09_2024"]
[SourceDate "2024.02.28"]
[SourceVersion "1"]
[SourceVersionDate "2024.02.28"]
[SourceQuality "1"]
[WhiteTeam "Viernheim"]
[BlackTeam "Baden-Baden"]
[WhiteTeamCountry "GER"]
[BlackTeamCountry "GER"]

1. e4 e5 2. Nf3 Nc6 3. Nc3 Nf6 4. d4 exd4 5. Nxd4 Bb4 6. Nxc6 bxc6 7. Bd3 0-0 8. 0-0 d5 9. exd5 cxd5 10. h3 c6 11. Qf3 Bd6 12. Re1 Nd7 13. Bf4 Nc5 14. Rad1 Rb8 15. b3 Qf6 16. Ne2 a5 17. Bxd6 Qxd6 18. c4 Nxd3 19. Qxd3 a4 20. bxa4 Ba6 21. Qc3 Qb4 22. cxd5 Bxe2 23. Qxb4 Rxb4 24. Rxe2 cxd5 25. Rxd5 Rxa4 26. Red2 h5 27. Kf1 Rfa8 28. Rd8+ Rxd8 29. Rxd8+ Kh7 30. Rd2 h4 31. Ke2 g5 32. Kd3 g4 33. hxg4 Rxg4 34. f3 Ra4 35. Kc3 h3 36. gxh3 Ra3+ 37. Kc4 Rxf3 38. Rd3 Rf1 39. a4 Ra1 40. Kb5 f5 41. Rd4 Rf1 42. a5 f4 43. Rb4 f3 44. Rb3 Kg6 45. a6 Kg5 46. Kb6 Kf4 47. h4 Ra1 48. Rb2 Kg4 49. Rb4+ Kg3 50. Rb3 Kg4 51. Rxf3 Kxf3 52. a7 Kg4 53. Kb7 Kxh4 54. a8R Rxa8 55. Kxa8 1/2-1/2

[Event "Bundesliga 2324"]
[Site "Germany"]
[Date "2024.02.23"]
[Round "9.3"]
[White "Anand, Viswanathan"]
[Black "Abasov, Nijat Azad"]
[Result "1-0"]
[WhiteElo "2754"]
[BlackElo "2679"]
[PlyCount "93"]
[EventDate "2023.10.21"]
[EventType "team-tourn"]
[EventRounds "15"]
[EventCountry "GER"]
[SourceTitle "CB09_2024"]
[SourceDate "2024.02.28"]
[SourceVersion "1"]
[SourceVersionDate "2024.02.28"]
[SourceQuality "1"]
[WhiteTeam "Baden-Baden"]
[BlackTeam "Oetigheim"]
[WhiteTeamCountry "GER"]
[BlackTeamCountry "GER"]

1. e4 c5 2. Nf3 Nc6 3. Bb5 e6 4. 0-0 Nge7 5. Re1 b6 6. c3 a6 7. Be2 d5 8. exd5 Nxd5 9. d4 Be7 10. dxc5 bxc5 11. c4 Nf6 12. Qxd8+ Bxd8 13. Nc3 Nd4 14. Nxd4 cxd4 15. Bf3 Ra7 16. Na4 Ba5 17. Re2 Bd7 18. Nc5 Rc7 19. Re5 Bb6 20. Nxa6 Rxc4 21. b3 Rc3 22. Bd2 Rc2 23. Ba5 Bxa5 24. Rxa5 Ke7 25. Nb4 Rc3 26. Rd1 Rb8 27. Nd3 Rb5 28. Ra7 g5 29. h3 Kd6 30. b4 h5 31. a4 Rb8 32. b5 g4 33. hxg4 hxg4 34. Be2 Be8 35. Ra6+ Kd5 36. f3 g3 37. Bf1 Nh5 38. Nb4+ Ke5 39. Re1+ Kf5 40. Rd6 Ra8 41. Na6 e5 42. b6 Rb3 43. Nc5 Re3 44. Rxe3 dxe3 45. b7 Rb8 46. a5 Nf4 47. Ne4 1-0

[Event "EU-Cup 38th"]
[Site "Durres"]
[Date "2023.10.07"]
[Round "7.2"]
[White "Anand, Viswanathan"]
[Black "Grandelius, Nils"]
[Result "1/2-1/2"]
[WhiteElo "2754"]
[BlackElo "2689"]
[PlyCount "81"]
[EventDate "2023.10.01"]
[EventType "team-swiss"]
[EventRounds "7"]
[EventCountry "ALB"]
[SourceTitle "EXT 2024"]
[Source "ChessBase"]
[SourceDate "2023.10.10"]
[SourceVersion "1"]
[SourceVersionDate "2023.10.10"]
[SourceQuality "1"]
[WhiteTeam "Superchess"]
[BlackTeam "Novy Bor"]
[WhiteTeamCountry "ROU"]
[BlackTeamCountry "CZE"]

1. e4 e5 2. Nf3 Nc6 3. Bb5 a6 4. Ba4 Bc5 5. c3 Nge7 6. d4 exd4 7. cxd4 Bb4+ 8. Bd2 Bxd2+ 9. Nbxd2 d5 10. e5 0-0 11. 0-0 f6 12. Rc1 Bg4 13. Bxc6 Nxc6 14. Qb3 fxe5 15. dxe5 Rb8 16. Qe3 d4 17. Qb3+ Kh8 18. h3 Bxf3 19. Nxf3 d3 20. Rfd1 Rxf3 21. gxf3 Qg5+ 22. Kf1 Nxe5 23. Rc5 Qf5 24. Rxe5 Qxe5 25. Rxd3 h6 26. Re3 Qf5 27. Kg2 Rd8 28. Re4 b5 29. a4 bxa4 30. Qxa4 Rf8 31. Qa3 Rf6 32. Qe3 Kh7 33. b4 a5 34. bxa5 Qxa5 35. Rg4 Qf5 36. Qe4 c5 37. Qxf5+ Rxf5 38. Rc4 Kg6 39. f4 Kf6 40. Kf3 Ke6 41. Ke4 1/2-1/2

[Event "Amsterdam Levitov Rapid"]
[Site "Amsterdam"]
[Date "2023.09.26"]
[Round "15"]
[White "Anand, Viswanathan"]
[Black "Grischuk, Alexander"]
[Result "1-0"]
[WhiteElo "2754"]
[BlackElo "2732"]
[PlyCount "63"]
[EventDate "2023.09.22"]
[EventType "tourn (rapid)"]
[EventRounds "18"]
[EventCountry "NED"]
[EventCategory "20"]
[SourceTitle "EXT 2024"]
[Source "ChessBase"]
[SourceDate "2023.10.10"]
[SourceVersion "1"]
[SourceVersionDate "2023.10.10"]
[SourceQuality "1"]

1. e4 c5 2. Nf3 d6 3. Bb5+ Nd7 4. 0-0 a6 5. Be2 Ngf6 6. d3 b6 7. c4 Bb7 8. Nc3 g6 9. Re1 Bg7 10. Bf1 0-0 11. d4 cxd4 12. Nxd4 Rc8 13. a4 e6 14. Bg5 Qc7 15. Rc1 h6 16. Bh4 Qb8 17. f3 Rfe8 18. Bf2 Red8 19. b3 Kh7 20. Rc2 Ne5 21. Rd2 d5 22. exd5 exd5 23. Nxd5 Nxd5 24. cxd5 Rxd5 25. f4 Nd7 26. Bc4 Rh5 27. Bg3 Rf8 28. Re7 Nf6 29. Bxf7 Bd5 30. Bxg6+ Kxg6 31. f5+ Kh7 32. Bxb8 1-0

[Event "Amsterdam Levitov Rapid"]
[Site "Amsterdam"]
[Date "2023.09.25"]
[Round "11"]
[White "Anand, Viswanathan"]
[Black "Mamedyarov, Shakhriyar"]
[Result "0-1"]
[WhiteElo "2754"]
[BlackElo "2734"]
[PlyCount "48"]
[EventDate "2023.09.22"]
[EventType "tourn (rapid)"]
[EventRounds "18"]
[EventCountry "NED"]
[EventCategory "20"]
[SourceTitle "EXT 2024"]
[Source "ChessBase"]
[SourceDate "2023.10.10"]
[SourceVersion "1"]
[SourceVersionDate "2023.10.10"]
[SourceQuality "1"]

1. e4 e5 2. Nf3 Nc6 3. Bb5 Nge7 4. Nc3 Ng6 5. h4 Nd4 6. Bc4 h5 7. Ng5 d5 8. Bxd5 Bg4 9. Bxf7+ Kd7 10. f3 Nxh4 11. d3 Nxg2+ 12. Kf1 Nf4 13. Bxf4 exf4 14. Ne2 Nxe2 15. Qxe2 Qxg5 16. fxg4 Bc5 17. gxh5 Ke7 18. d4 Bxd4 19. Bb3 f3 20. Qh2 Bb6 21. Qh3 Rh6 22. Rd1 Rd8 23. c3 Rxd1+ 24. Bxd1 Qd2 0-1

[Event "Amsterdam Levitov Rapid"]
[Site "Amsterdam"]
[Date "2023.09.23"]
[Round "7"]
[White "Anand, Viswanathan"]
[Black "Kramnik, Vladimir"]
[Result "1/2-1/2"]
[WhiteElo "2754"]
[BlackElo "2753"]
[PlyCount "51"]
[EventDate "2023.09.22"]
[EventType "tourn (rapid)"]
[EventRounds "18"]
[EventCountry "NED"]
[EventCategory "20"]
[SourceTitle "EXT 2024"]
[Source "ChessBase"]
[SourceDate "2023.10.10"]
[SourceVersion "1"]
[SourceVersionDate "2023.10.10"]
[SourceQuality "1"]

1. e4 c5 2. Nf3 e6 3. d4 cxd4 4. Nxd4 Nf6 5. Bd3 Nc6 6. Nxc6 bxc6 7. 0-0 d5 8. Nd2 Be7 9. b3 a5 10. Bb2 0-0 11. a4 Ba6 12. Bxa6 Rxa6 13. Qe2 Rb6 14. Kh1 Bb4 15. Rad1 Rb7 16. exd5 exd5 17. Nf3 Ne4 18. Ne5 Re8 19. Qg4 Qf6 20. Nd3 Bc3 21. f3 Nd6 22. Bxc3 Qxc3 23. Qf4 Re6 24. Qd2 Qxd2 25. Rxd2 Rbe7 26. Kg1 1/2-1/2

[Event "Amsterdam Levitov Rapid"]
[Site "Amsterdam"]
[Date "2023.09.23"]
[Round "9"]
[White "Gelfand, Boris"]
[Black "Anand, Viswanathan"]
[Result "1/2-1/2"]
[WhiteElo "2655"]
[BlackElo "2754"]
[PlyCount "27"]
[EventDate "2023.09.22"]
[EventType "tourn (rapid)"]
[EventRounds "18"]
[EventCountry "NED"]
[EventCategory "20"]
[SourceTitle "EXT 2024"]
[Source "ChessBase"]
[SourceDate "2023.10.10"]
[SourceVersion "1"]
[SourceVersionDate "2023.10.10"]
[SourceQuality "1"]

1. d4 Nf6 2. c4 e6 3. Nf3 d5 4. g3 Be7 5. Bg2 0-0 6. 0-0 dxc4 7. Qc2 b6 8. Bg5 Nd5 9. Bxe7 Qxe7 10. Nbd2 Bb7 11. Nxc4 Nd7 12. Nfe5 Nxe5 13. Nxe5 Rac8 14. Rac1 1/2-1/2

[Event "World-chT Rapid"]
[Site "Dusseldorf"]
[Date "2023.08.28"]
[Round "12"]
[White "Orlov, Andrey"]
[Black "Anand, Viswanathan"]
[Result "1/2-1/2"]
[WhiteElo "2503"]
[BlackElo "2754"]
[PlyCount "151"]
[EventDate "2023.08.26"]
[EventType "team-swiss (rapid)"]
[EventRounds "12"]
[EventCountry "GER"]
[SourceTitle "CBM 215 Extra"]
[Source "ChessBase"]
[SourceDate "2023.09.30"]
[SourceVersion "1"]
[SourceVersionDate "2023.09.30"]
[SourceQuality "1"]
[WhiteTeam "Duesseldorf"]
[BlackTeam "Freedom"]
[WhiteTeamCountry "GER"]
[BlackTeamCountry "ROU"]

1. e4 c6 2. d4 d5 3. e5 Bf5 4. c4 e6 5. Nc3 Ne7 6. Nge2 Nd7 7. Ng3 Bg6 8. Be2 dxc4 9. Bxc4 Nd5 10. 0-0 Be7 11. a3 N7b6 12. Bb3 0-0 13. Qe2 Qd7 14. Nce4 Nc7 15. Rd1 Nbd5 16. Bg5 Rfd8 17. Nc5 Qc8 18. Bxe7 Nxe7 19. h4 h6 20. h5 Bh7 21. a4 a5 22. Rac1 Ncd5 23. Nce4 Qc7 24. Nd6 Rxd6 25. exd6 Qxd6 26. Bc2 Bxc2 27. Qxc2 Nf6 28. Qc5 Qd8 29. Qe5 Ned5 30. Ne4 Nxe4 31. Qxe4 Qb6 32. Qf3 Rd8 33. b3 Rd6 34. Rc5 Nb4 35. g4 Qd8 36. Qg3 b6 37. Rc4 c5 38. Rdc1 Rxd4 39. Rxd4 cxd4 40. Qf3 d3 41. Qe4 Na6 42. Rd1 Nc5 43. Qf3 Qg5 44. Kf1 Qe5 45. Qa8+ Kh7 46. Qf3 Qd4 47. Qxf7 Qxg4 48. f3 Qh3+ 49. Kf2 Qh2+ 50. Ke3 Qe5+ 51. Kf2 Qd4+ 52. Kg3 Qd8 53. Kf2 Qh4+ 54. Ke3 Qg5+ 55. Kf2 Qh4+ 56. Ke3 Qg3 57. Qg6+ Qxg6 58. hxg6+ Kxg6 59. Rb1 Kf6 60. b4 Nxa4 61. bxa5 bxa5 62. Rb5 Nc3 63. Rxa5 g5 64. Kxd3 Nd5 65. Ke4 Nf4 66. Ra8 Ng6 67. Ra7 h5 68. Ke3 Ne7 69. Kf2 h4 70. Kg2 Ng6 71. Kh3 Ne5 72. Kg2 Nd3 73. Ra5 Nf4+ 74. Kh2 e5 75. Ra8 Ne6 76. Ra7 1/2-1/2

[Event "World-chT Rapid"]
[Site "Dusseldorf"]
[Date "2023.08.27"]
[Round "8.1"]
[White "Anand, Viswanathan"]
[Black "Donchenko, Alexander"]
[Result "1-0"]
[WhiteElo "2754"]
[BlackElo "2684"]
[PlyCount "119"]
[EventDate "2023.08.26"]
[EventType "team-swiss (rapid)"]
[EventRounds "12"]
[EventCountry "GER"]
[SourceTitle "CBM 215 Extra"]
[Source "ChessBase"]
[SourceDate "2023.09.30"]
[SourceVersion "1"]
[SourceVersionDate "2023.09.30"]
[SourceQuality "1"]
[WhiteTeam "Freedom"]
[BlackTeam "Germany and Friends"]
[WhiteTeamCountry "ROU"]
[BlackTeamCountry "GER"]

1. e4 c5 2. Nf3 d6 3. d4 cxd4 4. Qxd4 Nf6 5. h3 g6 6. Be2 Bg7 7. 0-0 0-0 8. c4 Nc6 9. Qe3 Be6 10. Nc3 Nd7 11. Rb1 Qb6 12. Nd5 Qxe3 13. Bxe3 Rac8 14. b3 h6 15. b4 Rfe8 16. Nf4 b6 17. Rfc1 Nf8 18. a3 g5 19. Nxe6 Nxe6 20. Rd1 Rc7 21. g3 Ne5 22. Nxe5 Bxe5 23. Kg2 Kg7 24. a4 Rec8 25. Rd5 Rc6 26. a5 Nc7 27. Rd2 bxa5 28. bxa5 a6 29. Rb7 Kf8 30. Rd1 Ne6 31. Bb6 Nc5 32. Ra7 Nxe4 33. Rxa6 Nc3 34. Rd2 Nxe2 35. Rxe2 Rxc4 36. Ra2 Bd4 37. Bxd4 Rxd4 38. Rb6 Rcc4 39. a6 Ra4 40. Rc2 Rd5 41. Rc7 Ra2 42. a7 Rf5 43. Rb8+ Kg7 44. a8Q Raxf2+ 45. Kg1 Rf1+ 46. Kh2 R1f2+ 47. Qg2 Rxg2+ 48. Kxg2 Re5 49. Rb2 Kf8 50. Rf2 Re3 51. g4 Re5 52. Rcc2 Re3 53. Rfe2 Rxe2+ 54. Rxe2 e6 55. Kf3 Kg7 56. Ke4 h5 57. Rd2 hxg4 58. hxg4 d5+ 59. Ke5 Kg6 60. Ra2 1-0

[Event "World-chT Rapid"]
[Site "Dusseldorf"]
[Date "2023.08.26"]
[Round "4.1"]
[White "Anand, Viswanathan"]
[Black "Harikrishna, Pentala"]
[Result "1/2-1/2"]
[WhiteElo "2754"]
[BlackElo "2711"]
[PlyCount "60"]
[EventDate "2023.08.26"]
[EventType "team-swiss (rapid)"]
[EventRounds "12"]
[EventCountry "GER"]
[SourceTitle "CBM 215 Extra"]
[Source "ChessBase"]
[SourceDate "2023.09.30"]
[SourceVersion "1"]
[SourceVersionDate "2023.09.30"]
[SourceQuality "1"]
[WhiteTeam "Freedom"]
[BlackTeam "Team MGD"]
[WhiteTeamCountry "ROU"]
[BlackTeamCountry "IND"]

1. e4 e5 2. Nf3 Nc6 3. Bb5 Nf6 4. d3 Bc5 5. Bxc6 dxc6 6. 0-0 Bd6 7. Nbd2 0-0 8. Nc4 Nd7 9. d4 exd4 10. Nxd6 cxd6 11. Qxd4 Re8 12. Qxd6 Rxe4 13. Rd1 Qe7 14. Be3 Qxd6 15. Rxd6 Re8 16. a4 Nb6 17. b3 Nd5 18. Bd2 Bg4 19. Nd4 Ne7 20. Re1 Nf5 21. Nxf5 Bxf5 22. Rc1 Rad8 23. Rxd8 Rxd8 24. Be1 h5 25. a5 b5 26. axb6 axb6 27. b4 Ra8 28. Bd2 Ra2 29. Be3 b5 30. c4 Rc2 1/2-1/2

[Event "Zagreb SuperUnited Blitz"]
[Site "Zagreb"]
[Date "2023.07.09"]
[Round "13"]
[White "Anand, Viswanathan"]
[Black "Gukesh, Dommaraju"]
[Result "0-1"]
[WhiteElo "2754"]
[BlackElo "2744"]
[PlyCount "68"]
[EventDate "2023.07.08"]
[EventType "tourn (blitz)"]
[EventRounds "18"]
[EventCountry "CRO"]
[EventCategory "20"]
[SourceTitle "CBM 215 Extra"]
[Source "ChessBase"]
[SourceDate "2023.09.30"]
[SourceVersion "1"]
[SourceVersionDate "2023.09.30"]
[SourceQuality "1"]

1. e4 c6 2. d4 d5 3. Nc3 dxe4 4. Nxe4 Nf6 5. Nxf6+ exf6 6. Nf3 Bd6 7. Bd3 0-0 8. 0-0 Re8 9. Re1 Be6 10. c3 Nd7 11. Nd2 Nf8 12. Ne4 Be7 13. Ng3 g6 14. Bf4 f5 15. Nf1 Bf6 16. Nd2 Bd5 17. Rxe8 Qxe8 18. Nf1 Ne6 19. Bd2 Rd8 20. Ne3 Be4 21. Bxe4 fxe4 22. Qc2 c5 23. d5 Nf4 24. Ng4 Nxd5 25. c4 h5 26. Nxf6+ Nxf6 27. Re1 Qe6 28. b3 Qf5 29. Bc3 Rd3 30. f3 Qf4 31. fxe4 Ng4 32. g3 Qf3 33. Ba1 Ne3 34. Qe2 Qxe2 0-1

[Event "Zagreb SuperUnited Blitz"]
[Site "Zagreb"]
[Date "2023.07.09"]
[Round "10"]
[White "Nepomniachtchi, Ian"]
[Black "Anand, Viswanathan"]
[Result "0-1"]
[WhiteElo "2779"]
[BlackElo "2754"]
[PlyCount "78"]
[EventDate "2023.07.08"]
[EventType "tourn (blitz)"]
[EventRounds "18"]
[EventCountry "CRO"]
[EventCategory "20"]
[SourceTitle "CBM 215 Extra"]
[Source "ChessBase"]
[SourceDate "2023.09.30"]
[SourceVersion "1"]
[SourceVersionDate "2023.09.30"]
[SourceQuality "1"]

1. e4 e5 2. Nf3 Nc6 3. Bb5 a6 4. Ba4 Nf6 5. 0-0 Nxe4 6. d4 b5 7. Bb3 d5 8. dxe5 Be6 9. c3 Be7 10. Nbd2 Nc5 11. Bc2 d4 12. Nb3 dxc3 13. Nxc5 Bxc5 14. Be4 Qd7 15. Qc2 Bd5 16. Bxd5 Qxd5 17. Qxc3 Nd4 18. Nxd4 Bxd4 19. Qxc7 0-0 20. Re1 Rfe8 21. Bf4 Bxb2 22. Rab1 Ba3 23. Qa5 Bf8 24. h4 Qe6 25. Bg3 Rac8 26. Rbc1 h5 27. Qd2 Be7 28. Qe2 g6 29. Red1 Rxc1 30. Rxc1 Rc8 31. Rd1 Rc4 32. Qf3 Kg7 33. Qb7 Bxh4 34. Bxh4 Rxh4 35. Qb8 Re4 36. f4 Qg4 37. Qd6 Qxf4 38. Rf1 Qxe5 39. Qxa6 Qd4+ 0-1

[Event "Zagreb SuperUnited Blitz"]
[Site "Zagreb"]
[Date "2023.07.08"]
[Round "5"]
[White "Anand, Viswanathan"]
[Black "Carlsen, Magnus"]
[Result "0-1"]
[WhiteElo "2754"]
[BlackElo "2835"]
[PlyCount "60"]
[EventDate "2023.07.08"]
[EventType "tourn (blitz)"]
[EventRounds "18"]
[EventCountry "CRO"]
[EventCategory "20"]
[SourceTitle "CBM 215 Extra"]
[Source "ChessBase"]
[SourceDate "2023.09.30"]
[SourceVersion "1"]
[SourceVersionDate "2023.09.30"]
[SourceQuality "1"]

1. e4 c6 2. Nf3 d5 3. d3 dxe4 4. dxe4 Qxd1+ 5. Kxd1 Nf6 6. Nfd2 g5 7. a4 g4 8. Bd3 Nbd7 9. Nc3 Ne5 10. Nc4 Nxd3 11. cxd3 Be6 12. Ke2 Bg7 13. Be3 Nd7 14. Rac1 f5 15. exf5 Bxf5 16. Ne4 0-0 17. b4 Nf6 18. Nxf6+ Bxf6 19. Na5 Rfd8 20. Nxb7 Rxd3 21. Nc5 Ra3 22. Rhd1 Rb8 23. Rc4 Kf7 24. Nd7 Ra2+ 25. Ke1 Be6 26. Rxc6 Bxd7 27. Rxd7 Rxb4 28. Rxa7 Bd4 29. Rac7 Bxe3 30. fxe3 Rxg2 0-1

[Event "Zagreb SuperUnited Blitz"]
[Site "Zagreb"]
[Date "2023.07.08"]
[Round "1"]
[White "Anand, Viswanathan"]
[Black "Nepomniachtchi, Ian"]
[Result "1/2-1/2"]
[WhiteElo "2754"]
[BlackElo "2779"]
[PlyCount "83"]
[EventDate "2023.07.08"]
[EventType "tourn (blitz)"]
[EventRounds "18"]
[EventCountry "CRO"]
[EventCategory "20"]
[SourceTitle "CBM 215 Extra"]
[Source "ChessBase"]
[SourceDate "2023.09.30"]
[SourceVersion "1"]
[SourceVersionDate "2023.09.30"]
[SourceQuality "1"]

1. e4 c5 2. Nf3 d6 3. d4 cxd4 4. Nxd4 Nf6 5. Nc3 a6 6. Bd3 g6 7. f3 Bg7 8. Be3 Nc6 9. Qd2 Ne5 10. 0-0-0 b5 11. Kb1 b4 12. Nce2 a5 13. Bh6 0-0 14. Bxg7 Kxg7 15. g4 Nxd3 16. Qxd3 e5 17. Nb5 Ba6 18. c4 Bxb5 19. cxb5 Qb6 20. Qxd6 Qxb5 21. Qd3 Qb6 22. g5 Nh5 23. Qd6 Qb5 24. Ng3 Nf4 25. h4 Ra6 26. Qd7 Qxd7 27. Rxd7 h6 28. Rc1 hxg5 29. hxg5 Nh3 30. Nf1 Nxg5 31. Nd2 Ne6 32. Nc4 Kf6 33. Rd5 Rc8 34. Nxe5 Rxc1+ 35. Kxc1 Nf4 36. Rc5 Ke6 37. Kd2 Rd6+ 38. Ke3 Ng2+ 39. Ke2 Nf4+ 40. Ke3 Ng2+ 41. Ke2 Nf4+ 42. Ke3 1/2-1/2

[Event "Zagreb SuperUnited Blitz"]
[Site "Zagreb"]
[Date "2023.07.08"]
[Round "4"]
[White "Gukesh, Dommaraju"]
[Black "Anand, Viswanathan"]
[Result "0-1"]
[WhiteElo "2744"]
[BlackElo "2754"]
[PlyCount "62"]
[EventDate "2023.07.08"]
[EventType "tourn (blitz)"]
[EventRounds "18"]
[EventCountry "CRO"]
[EventCategory "20"]
[SourceTitle "CBM 215 Extra"]
[Source "ChessBase"]
[SourceDate "2023.09.30"]
[SourceVersion "1"]
[SourceVersionDate "2023.09.30"]
[SourceQuality "1"]

1. e4 c6 2. d4 d5 3. f3 e6 4. Nc3 Nd7 5. a3 b5 6. Be3 b4 7. axb4 Bxb4 8. Bd3 Ne7 9. Nge2 0-0 10. 0-0 a5 11. Na4 e5 12. c3 Bd6 13. Ng3 Rb8 14. f4 exd4 15. Bxd4 c5 16. Bxg7 Kxg7 17. e5 Bc7 18. Qh5 f5 19. Rf3 Qe8 20. Qh4 Bd8 21. e6 Nf6 22. Bxf5 Kh8 23. Nxc5 Nxf5 24. Nxf5 Bxe6 25. Re1 Ne4 26. Qh6 Bxf5 27. Rg3 Qf7 28. Nxe4 dxe4 29. Rd1 Rb6 30. Rd6 Rxd6 31. Qxd6 Qf6 0-1

[Event "Zagreb SuperUnited Rapid"]
[Site "Zagreb"]
[Date "2023.07.07"]
[Round "7"]
[White "Anand, Viswanathan"]
[Black "Duda, Jan Krzysztof"]
[Result "1/2-1/2"]
[WhiteElo "2754"]
[BlackElo "2732"]
[PlyCount "118"]
[EventDate "2023.07.05"]
[EventType "tourn (rapid)"]
[EventRounds "9"]
[EventCountry "CRO"]
[EventCategory "20"]
[SourceTitle "CBM 215 Extra"]
[Source "ChessBase"]
[SourceDate "2023.09.30"]
[SourceVersion "1"]
[SourceVersionDate "2023.09.30"]
[SourceQuality "1"]

1. e4 c5 2. Nf3 d6 3. d4 cxd4 4. Nxd4 Nf6 5. Nc3 a6 6. Be2 e5 7. Nf3 Be7 8. Bg5 Nbd7 9. a4 Qb6 10. Rb1 h6 11. Be3 Qc6 12. Nd2 Nc5 13. Ra1 0-0 14. Bf3 Be6 15. 0-0 b5 16. axb5 axb5 17. Qe2 Rab8 18. Rfd1 Na4 19. Nxa4 bxa4 20. b3 axb3 21. cxb3 Rfc8 22. Qd3 Bf8 23. h3 Rb4 24. Ra6 Qb7 25. Ra7 Qb8 26. Rda1 Bd7 27. Qa6 Be6 28. Qd3 Qb5 29. Qxb5 Rxb5 30. Be2 Rb4 31. Bc4 d5 32. exd5 Nxd5 33. Ra8 Rbb8 34. Rxb8 Rxb8 35. Ba7 Rb7 36. Ne4 Nf4 37. Be3 Bxc4 38. bxc4 Ne6 39. g4 Rc7 40. Ra4 f6 41. h4 Kf7 42. h5 g6 43. hxg6+ Kxg6 44. Kg2 Rc6 45. Kf3 f5 46. gxf5+ Kxf5 47. Ng3+ Kf6 48. Ke4 Bc5 49. Ra5 Bxe3 50. Kxe3 Rxc4 51. Ne4+ Kg7 52. Rxe5 Ng5 53. Nxg5 hxg5 54. Rxg5+ Kf6 55. Rd5 Ra4 56. Rd4 Ra2 57. Rd2 Ra4 58. Rd4 Ra2 59. Rd2 Ra4 1/2-1/2

[Event "Zagreb SuperUnited Rapid"]
[Site "Zagreb"]
[Date "2023.07.07"]
[Round "9"]
[White "Anand, Viswanathan"]
[Black "Nepomniachtchi, Ian"]
[Result "1/2-1/2"]
[WhiteElo "2754"]
[BlackElo "2779"]
[PlyCount "118"]
[EventDate "2023.07.05"]
[EventType "tourn (rapid)"]
[EventRounds "9"]
[EventCountry "CRO"]
[EventCategory "20"]
[SourceTitle "CBM 215 Extra"]
[Source "ChessBase"]
[SourceDate "2023.09.30"]
[SourceVersion "1"]
[SourceVersionDate "2023.09.30"]
[SourceQuality "1"]

1. e4 c5 2. Nf3 d6 3. d4 cxd4 4. Nxd4 Nf6 5. Nc3 a6 6. Be2 e5 7. Nb3 Be7 8. Bg5 Be6 9. Bxf6 Bxf6 10. Qd3 Be7 11. Nd5 Nd7 12. 0-0 Bxd5 13. Qxd5 Qc7 14. c3 Nf6 15. Qd3 0-0 16. Nd2 Rfd8 17. Bf3 b5 18. Rfd1 g6 19. Nf1 Bf8 20. Ne3 Rab8 21. Nd5 Nxd5 22. Qxd5 h5 23. a3 Rb6 24. Be2 h4 25. Rd3 Bh6 26. Qa2 d5 27. Rxd5 Rxd5 28. Qxd5 Rd6 29. Qa8+ Kg7 30. Rd1 Bd2 31. h3 Qb6 32. Qc8 Bf4 33. Rxd6 Qxd6 34. Bf1 Bc1 35. c4 Bxb2 36. cxb5 axb5 37. Qc2 Bxa3 38. Bxb5 Bc5 39. Bd3 Qd4 40. Qe2 Qa1+ 41. Qf1 Qb2 42. Qe2 Qc1+ 43. Qf1 Qf4 44. Qe2 Bd4 45. Qf3 Qc1+ 46. Bf1 Bc5 47. Qg4 Be7 48. Qe2 Bd8 49. Qe3 Qb2 50. Qe2 Qb6 51. Qb5 Qf6 52. Qd3 Bb6 53. Qf3 Qe7 54. g4 hxg3 55. Qxg3 Qe6 56. Kg2 Bd4 57. Be2 Qc6 58. Qf3 Qc1 59. h4 Qf4 1/2-1/2

[Event "Zagreb SuperUnited Rapid"]
[Site "Zagreb"]
[Date "2023.07.06"]
[Round "6"]
[White "Carlsen, Magnus"]
[Black "Anand, Viswanathan"]
[Result "1-0"]
[WhiteElo "2835"]
[BlackElo "2754"]
[PlyCount "105"]
[EventDate "2023.07.05"]
[EventType "tourn (rapid)"]
[EventRounds "9"]
[EventCountry "CRO"]
[EventCategory "20"]
[SourceTitle "CBM 215 Extra"]
[Source "ChessBase"]
[SourceDate "2023.09.30"]
[SourceVersion "1"]
[SourceVersionDate "2023.09.30"]
[SourceQuality "1"]

1. e4 c6 2. d4 d5 3. exd5 cxd5 4. Bd3 Nc6 5. c3 e6 6. Bf4 Bd6 7. Bxd6 Qxd6 8. Nf3 Nge7 9. 0-0 0-0 10. Re1 f6 11. c4 dxc4 12. Bxc4 Nf5 13. d5 exd5 14. Bxd5+ Kh8 15. Nc3 Bd7 16. Qb3 Qc7 17. Rad1 Rad8 18. h3 Bc8 19. Qa3 Nfe7 20. Nb5 Qb6 21. Nxa7 Nxd5 22. Nxc8 Rxc8 23. Rxd5 Ra8 24. Qb3 Qxb3 25. axb3 Rf7 26. Re4 Kg8 27. b4 Rd8 28. Rxd8+ Nxd8 29. Kf1 Kf8 30. Ke2 Rc7 31. Kd3 Kf7 32. Nd4 Nc6 33. Nxc6 Rxc6 34. Rc4 Rd6+ 35. Rd4 Rb6 36. Rd7+ Kg6 37. Kc4 Rc6+ 38. Kb3 b6 39. Rd2 Re6 40. Ka4 Re5 41. f4 Re4 42. Rf2 h5 43. f5+ Kg5 44. Kb5 h4 45. Kxb6 Rxb4+ 46. Kc5 Rb3 47. Kc4 Rb8 48. b4 Rc8+ 49. Kd5 Rb8 50. Kc5 Rc8+ 51. Kd6 Rb8 52. Rb2 Kxf5 53. b5 1-0

[Event "Global Chess League"]
[Site "Dubai"]
[Date "2023.06.28"]
[Round "7.1"]
[White "Anand, Viswanathan"]
[Black "Carlsen, Magnus"]
[Result "0-1"]
[WhiteElo "2754"]
[BlackElo "2853"]
[PlyCount "144"]
[EventDate "2023.06.22"]
[EventType "team-tourn (rapid)"]
[EventRounds "10"]
[EventCountry "UAE"]
[SourceTitle "CBM 215 Extra"]
[Source "ChessBase"]
[SourceDate "2023.09.30"]
[SourceVersion "1"]
[SourceVersionDate "2023.09.30"]
[SourceQuality "1"]
[WhiteTeam "Ganges Grandmasters"]
[BlackTeam "SG Alpine Warriors"]
[WhiteTeamCountry "IND"]
[BlackTeamCountry "IND"]

1. e4 e6 2. d4 d5 3. Nc3 Bb4 4. e5 c5 5. a3 Bxc3+ 6. bxc3 Nc6 7. Qg4 g6 8. h4 h6 9. h5 g5 10. f4 Qa5 11. Bd2 f5 12. Qg3 g4 13. dxc5 Nge7 14. Bd3 Qxc5 15. Ne2 Na5 16. Qf2 Qxf2+ 17. Kxf2 Bd7 18. a4 Kf7 19. Rhb1 b6 20. Bc1 Nec6 21. Ba3 Nd8 22. Bb4 Ndb7 23. Nd4 Rhb8 24. Nb3 Nc4 25. Bxc4 dxc4 26. Nd4 Rc8 27. a5 b5 28. Rd1 Be8 29. Ne2 a6 30. Rd4 Rd8 31. Rad1 Rxd4 32. Rxd4 Bc6 33. Rd2 g3+ 34. Kg1 Rg8 35. Nd4 Rd8 36. Bd6 Be4 37. Bb4 Rd5 38. Kf1 Nd8 39. Ke1 Nc6 40. Ne2 Rxd2 41. Kxd2 Bxg2 42. Nxg3 Bf3 43. Ke3 Bd1 44. Kd2 Bg4 45. Ke3 Ke8 46. Kd2 Ne7 47. Bxe7 Kxe7 48. Kc1 Kd7 49. Kb2 Kc6 50. Ka2 Kd5 51. Ka3 Kc5 52. Kb2 Bd1 53. Kc1 Bf3 54. Kb2 b4 55. cxb4+ Kd4 56. c3+ Kd3 57. b5 axb5 58. a6 Kd2 59. a7 Bd5 60. Nxf5 exf5 61. e6 b4 62. e7 bxc3+ 63. Ka2 c2 64. a8Q Bxa8 65. e8Q Be4 66. Qd8+ Bd3 67. Qd4 c1N+ 68. Ka3 c3 69. Qb6 Ne2 70. Qxh6 c2 71. Qb6 Nc1 72. Qc6 Ne2 0-1